[Event "POL-chT DMP Ekstraliga 2019"]
[Site "Katowice"]
[Date "2019.09.02"]
[Round "6.29"]
[White "Kantans, Toms"]
[Black "Mikrut, Dariusz"]
[Result "1-0"]
[WhiteElo "2490"]
[BlackElo "2375"]
[Annotator "ChessBase"]
[PlyCount "99"]
[EventDate "2019.08.28"]
[EventType "team-tourn"]
[EventCountry "POL"]
[SourceTitle "playchess.com"]
[Source "ChessBase"]
[SourceQuality "1"]
[TimeControl "40/5400+30:1800+30"]

1. e4 {[%emt 0:00:00]} e5 {[%emt 0:00:00]} 2. Nf3 {[%emt 0:00:00]} Nc6 {[%emt 0:00:00]} 3. Bb5 {[%emt 0:00:16]} a6 {[%emt 0:00:00]} 4. Ba4 {[%emt 0:00:04]} Nf6 {[%emt 0:00:00]} 5. O-O {[%emt 0:00:06]} Be7 {[%emt 0:00:01]} 6. Qe2 {[%emt 0:00:36]} b5 {[%emt 0:00:37]} 7. Bb3 {[%emt 0:00:05]} d6 {[%emt 0:00:08]} 8. c3 {[%emt 0:00:09]} O-O {[%emt 0:01:29]} 9. Rd1 {[%emt 0:00:05]} Na5 {[%emt 0:02:19]} 10. Bc2 {[%emt 0:00:05]} c5 {[%emt 0:00:09]} 11. d4 {[%emt 0:00:05]} Qc7 {[%emt 0:00:39]} 12. d5 {[%emt 0:00:06]} Bd7 {[%emt 0:02:30]} 13. h3 {[%emt 0:08:52]} c4 {[%emt 0:01:54]} 14. b4 {[%emt 0:02:01]} cxb3 {[%emt 0:00:46]} 15. axb3 {[%emt 0:00:03]} Nb7 {[%emt 0:03:59]} 16. b4 {[%emt 0:04:14]} h6 {[%emt 0:11:45]} 17. Be3 {[%emt 0:06:39]} Nh7 {[%emt 0:00:47]} 18. Ra3 {[%emt 0:02:13]} Ng5 {[%emt 0:03:20]} 19. Nxg5 {[%emt 0:02:02]} Bxg5 {[%emt 0:00:13]} 20. Bxg5 {[%emt 0:03:34]} hxg5 {[%emt 0:00:09]} 21. Nd2 {[%emt 0:00:19]} Qb6 {[%emt 0:07:51]} 22. Rda1 {[%emt 0:00:54]} a5 {[%emt 0:00:51]} 23. Bd3 {[%emt 0:04:42]} a4 {[%emt 0:03:37]} 24. c4 {[%emt 0:08:14]} bxc4 {[%emt 0:05:20]} 25. Nxc4 {[%emt 0:00:07]} Qd8 {[%emt 0:07:31]} 26. Qe3 {[%emt 0:06:48]} f5 {[%emt 0:00:51]} 27. exf5 {[%emt 0:01:30]} Bxf5 {[%emt 0:00:05]} 28. Bxf5 {[%emt 0:01:30]} Rxf5 {[%emt 0:00:07]} 29. Nb6 {[%emt 0:01:36]} Rb8 {[%emt 0:04:36]} 30. Rxa4 {[%emt 0:00:08]} Rf8 {[%emt 0:01:05]} 31. Ra7 {[%emt 0:06:35]} Qc7 {[%emt 0:01:49]} 32. Rc1 {[%emt 0:00:25]} Qf7 {[%emt 0:00:07]} 33. Rc4 {[%emt 0:03:31]} Qf5 {[%emt 0:02:05]} 34. Rc7 {[%emt 0:01:09]} Rf7 {[%emt 0:00:08]} 35. Rxf7 {[%emt 0:00:13]} Kxf7 {[%emt 0:00:06]} 36. Qc1 {[%emt 0:06:23]} Kg6 {[%emt 0:02:38]} 37. Nc4 {[%emt 0:08:37]} Qd3 {[%emt 0:10:13]} 38. Ne3 {[%emt 0:01:31]} Nc5 {[%emt 0:00:34]} 39. Qb2 {[%emt 0:16:57]} Qe4 {[%emt 0:07:28]} 40. b5 {[%emt 0:00:00]} Qd4 {[%emt 0:00:00]} 41. Rxg7+ {[%emt 0:05:23]} Kf6 {[%emt 0:11:09]} 42. Qb1 {[%emt 0:00:59]} Qe4 {[%emt 0:00:11]} 43. Qxe4 {[%emt 0:00:09]} Nxe4 {[%emt 0:00:05]} 44. Rd7 {[%emt 0:00:11]} Rxb5 {[%emt 0:03:58]} 45. f3 {[%emt 0:00:44]} Rb1+ {[%emt 0:00:56]} 46. Kh2 {[%emt 0:00:06]} Nf2 {[%emt 0:00:03]} 47. Rxd6+ {[%emt 0:00:28]} Kf7 {[%emt 0:00:05]} 48. Re6 {[%emt 0:03:20]} e4 {[%emt 0:00:07]} 49. fxe4 {[%emt 0:00:47]} Re1 {[%emt 0:00:06]} 50. Nf5 {[%emt 0:00:43]} 1-0

[Event "POL-chT DMP Ekstraliga 2019"]
[Site "Katowice"]
[Date "2019.09.02"]
[Round "6.30"]
[White "Osmak, Iulija"]
[Black "Warakomska, Anna"]
[Result "0-1"]
[WhiteElo "2414"]
[BlackElo "2241"]
[Annotator "NA"]
[PlyCount "68"]
[EventDate "2019.08.28"]
[EventType "team-tourn"]
[EventCountry "POL"]
[SourceTitle "playchess.com"]
[Source "ChessBase"]
[SourceQuality "1"]
[TimeControl "40/5400+30:1800+30"]

1. e4 {[%emt 0:00:00]} c6 {[%emt 0:00:05]} 2. e5 {[%emt 0:00:00]} d5 {[%emt 0:03:03]} 3. d4 {[%emt 0:00:00]} Bf5 {[%emt 0:00:27]} 4. Nf3 {[%emt 0:00:03]} e6 {[%emt 0:00:28]} 5. Be2 {[%emt 0:00:04]} Ne7 {[%emt 0:00:30]} 6. c3 {[%emt 0:00:11]} Ng6 {[%emt 0:11:05]} 7. O-O {[%emt 0:04:05]} c5 {[%emt 0:02:47]} 8. Be3 {[%emt 0:03:07]} Qb6 {[%emt 0:05:04]} 9. Na3 {[%emt 0:14:00]} Nc6 {[%emt 0:08:14]} 10. c4 {[%emt 0:07:59]} Qxb2 {[%emt 0:10:42]} 11. Nb5 {[%emt 0:03:58]} O-O-O {[%emt 0:02:37]} 12. cxd5 {[%emt 0:06:52]} Rxd5 {[%emt 0:06:14]} 13. Rc1 {[%emt 0:12:34]} Kb8 {[%emt 0:04:18]} 14. g4 {[%emt 0:05:31]} Bxg4 {[%emt 0:21:05]} 15. Rb1 {[%emt 0:10:49]} Qxe2 {[%emt 0:08:58]} 16. Qxe2 {[%emt 0:00:09]} Nh4 {[%emt 0:00:01]} 17. Qb2 {[%emt 0:04:02]} Nxf3+ {[%emt 0:01:56]} 18. Kh1 {[%emt 0:02:00]} Rd7 {[%emt 0:01:21]} 19. dxc5 {[%emt 0:00:24]} Nfxe5 {[%emt 0:04:36]} 20. Bf4 {[%emt 0:09:53]} Bf3+ {[%emt 0:00:06]} 21. Kg1 {[%emt 0:00:04]} f6 {[%emt 0:00:13]} 22. Qa3 {[%emt 0:02:19]} Bd5 {[%emt 0:02:40]} 23. Rfe1 {[%emt 0:01:37]} b6 {[%emt 0:03:33]} 24. Nc3 {[%emt 0:01:33]} Nd4 {[%emt 0:00:23]} 25. Qa4 {[%emt 0:04:29]} Bc6 {[%emt 0:00:43]} 26. Qc4 {[%emt 0:01:40]} Ndf3+ {[%emt 0:00:13]} 27. Kf1 {[%emt 0:00:38]} Nd2+ {[%emt 0:00:06]} 28. Bxd2 {[%emt 0:00:13]} Nxc4 {[%emt 0:00:03]} 29. Bf4+ {[%emt 0:00:31]} e5 {[%emt 0:00:10]} 30. cxb6 {[%emt 0:00:09]} axb6 {[%emt 0:00:34]} 31. Bc1 {[%emt 0:00:30]} Bc5 {[%emt 0:00:23]} 32. Ne4 {[%emt 0:00:14]} Bxe4 {[%emt 0:00:21]} 33. Rxe4 {[%emt 0:00:02]} Nd2+ {[%emt 0:00:24]} 34. Bxd2 {[%emt 0:00:03]} Rxd2 {[%emt 0:00:07]} 0-1

[Event "POL-chT DMP Ekstraliga 2019"]
[Site "Katowice"]
[Date "2019.09.03"]
[Round "7.1"]
[White "Matuszewski, Michal"]
[Black "Mista, Aleksander"]
[Result "1/2-1/2"]
[WhiteElo "2518"]
[BlackElo "2599"]
[Annotator "TA"]
[PlyCount "52"]
[EventDate "2019.08.28"]
[EventType "team-tourn"]
[EventCountry "POL"]
[SourceTitle "playchess.com"]
[Source "ChessBase"]
[SourceQuality "1"]

{[%evp 9,52,0,0,0,0,-2,0,0,0,0,0,0,0,-15,0,-16,0,0,0,-11,0,-20,0,-8,0,0,0,0,0,0,0,0,0,0,11,0,0,0,19,19,20,23,23,14,27]} 1. d4 d5 2. Bf4 Nf6 3. Nd2 e6 4. e3 Bd6 5. Bxd6 (5. Bg3 O-O 6. Ngf3 b6 7. c3 c5 8. Bd3 Ba6 9. Bxa6 Nxa6 10. O-O Bxg3 11. hxg3 Qc7 12. Qe2 Nb8 13. e4 dxe4 14. Nxe4 Nbd7 {1-0 (55) Duda,J (2738)-Giri,A (2783) St Petersburg 2018}) 5... Qxd6 6. f4 {D00: 1 d4 d5: Unusual lines} c5 7. c3 cxd4 8. cxd4 O-O 9. Bd3 b6 10. Qe2 Bb7 11. Ngf3 Ne4 $146 ({Predecessor:} 11... Nc6 12. a3 Ne7 13. Ng5 Rfc8 {0-1 (45) Gubajdullin,A (2344)-Golubov,S (2462) Moscow 2019}) 12. O-O Nd7 13. Rfc1 Rac8 14. a3 Ndf6 15. Ne5 Qe7 16. Qd1 a6 17. Rxc8 Rxc8 18. Rc1 Rc7 19. Rc2 Nd6 20. Qc1 Rxc2 21. Qxc2 g6 22. Qb3 Qc7 23. Qc2 Qxc2 24. Bxc2 Kf8 25. g4 Ke7 26. Kf2 Nfe8 {Accuracy: White = 59%, Black = 63%.} 1/2-1/2

[Event "POL-chT DMP Ekstraliga 2019"]
[Site "Katowice"]
[Date "2019.09.03"]
[Round "7.2"]
[White "Moranda, Wojciech"]
[Black "Leniart, Arkadiusz"]
[Result "1-0"]
[WhiteElo "2597"]
[BlackElo "2488"]
[Annotator "TA"]
[PlyCount "73"]
[EventDate "2019.08.28"]
[EventType "team-tourn"]
[EventCountry "POL"]
[SourceTitle "playchess.com"]
[Source "ChessBase"]
[SourceQuality "1"]

{[%evp 14,73,13,7,0,12,12,23,62,50,47,37,44,43,47,47,41,44,58,64,68,54,109,104,106,89,326,330,340,337,329,287,341,310,292,298,458,481,470,462,512,491,564,544,528,569,547,473,561,481,545,693,693,687,683,676,952,952,1056,1068,1579,1177]} 1. Nf3 Nf6 2. c4 e6 3. g3 d5 4. Bg2 d4 5. O-O c5 6. e3 Nc6 7. exd4 cxd4 8. d3 Be7 {A13: English Opening: 1...e6} (8... Bd6 9. Bg5 h6 10. Bxf6 Qxf6 11. Nbd2 Qe7 12. a3 a5 13. Ne4 Bc7 14. b4 axb4 15. axb4 Rxa1 16. Qxa1 Qxb4 {0-1 (43) Maghsoodloo,P (2673)-Matlakov,M (2692) Sharjah 2019}) 9. Na3 O-O 10. Nc2 Ne8 {White has an edge.} 11. a3 a5 12. Bd2 a4 13. Bb4 e5 $146 ({Predecessor:} 13... Nxb4 14. axb4 Nc7 15. Re1 Bf6 16. Ne5 Bxe5 17. Rxe5 {1-0 (30) Maletin,P (2583)-Ziatdinov,R (2348) Izhevsk 2014}) 14. Bxe7 Qxe7 15. Re1 Qd6 16. Nb4 {And now Nxc6 would win.} f6 17. Nd5 Ra6 (17... Qd8 $14) 18. Nd2 $16 Bf5 19. Qc2 b6 $2 {[#]} (19... Qc5 $16) 20. Nxb6 $1 $18 {[%mdl 512] Black must now prevent c5.} Nc7 (20... Rxb6 21. c5) 21. Nxa4 Rfa8 22. b3 Kh8 23. Ne4 Bxe4 24. Bxe4 g6 (24... R8a7 {was worth a try.} 25. f4 exf4) 25. c5 {White is clearly winning.} Qe6 26. Nb6 R8a7 27. Qb2 Ne7 28. b4 Nb5 29. a4 Nc3 30. a5 Kg7 31. Rac1 h5 32. Rxc3 dxc3 33. Qxc3 h4 34. c6 Kh6 35. c7 f5 36. Bf3 hxg3 37. hxg3 {Accuracy: White = 94%, Black = 41%.} 1-0

[Event "POL-chT DMP Ekstraliga 2019"]
[Site "Katowice"]
[Date "2019.09.03"]
[Round "7.3"]
[White "Druska, Juraj"]
[Black "Dziuba, Marcin"]
[Result "1/2-1/2"]
[WhiteElo "2460"]
[BlackElo "2568"]
[Annotator "TA"]
[PlyCount "100"]
[EventDate "2019.08.28"]
[EventType "team-tourn"]
[EventCountry "POL"]
[SourceTitle "playchess.com"]
[Source "ChessBase"]
[SourceQuality "1"]

{[%evp 26,100,50,48,33,39,36,35,18,42,44,32,32,0,0,0,0,0,25,27,86,39,39,39,29,37,34,34,31,20,22,20,14,0,22,0,45,0,0,0,92,88,85,84,80,88,142,60,72,8,8,8,8,8,8,0,8,0,0,0,8,8,8,8,8,0,0,-8,-8,-12,-12,-12,-10,-12,-12,-13,-13]} 1. e4 c5 2. Nf3 Nc6 3. d4 cxd4 4. Nxd4 Nf6 5. Nc3 e5 6. Ndb5 d6 7. Bg5 a6 8. Na3 b5 9. Bxf6 gxf6 10. Nd5 f5 11. Bd3 Be6 12. O-O Bxd5 13. exd5 Ne7 14. Qh5 e4 {B33: Sicilian: Pelikan and Sveshnikov Variations} 15. Be2 Bg7 16. c3 O-O {White is slightly better.} 17. Nc2 f4 (17... Re8 18. g3 Nxd5 19. Qxf5 Re5 20. Qh3 b4 21. c4 Ne7 22. Rfd1 Qb6 23. Ne3 {½-½ (69) Inarkiev,E (2702)-Gelfand,B (2729) Nazran 2017}) 18. Qg5 f5 19. Nd4 {Threatens to win with Ne6!} Nxd5 20. Qxd8 Rfxd8 21. Nxf5 Be5 $146 ({Predecessor:} 21... Nb6 22. Nxg7 Kxg7 {½-½ (57) Pac,M (1615)-Kriechel,B (1911) IECC email 2000}) 22. a4 Nc7 (22... Kf7 $11) 23. Rfd1 Kf7 24. axb5 axb5 25. Rxa8 Nxa8 26. Nd4 {Nc6 is the strong threat.} Nc7 27. Nc6 Ra8 $1 28. Nxe5+ dxe5 $11 {[%mdl 4096] Endgame KRB-KRN} 29. Rd7+ {[%mdl 64] Double Attack} Kg6 30. h4 (30. Rxc7 $2 Ra1+ 31. Bf1 e3 $19) 30... Ne8 31. Re7 Ra1+ 32. Kh2 Nf6 (32... Re1 $1 $11 {keeps the balance.} 33. Bxb5 (33. Rxe8 Rxe2 {[%mdl 64] Double Attack} 34. Rxe5 Kf6 $15) 33... Nf6) 33. Rxe5 $16 h6 {[#]} 34. h5+ $1 ({Of course not} 34. Rxb5 $6 Re1 $11) 34... Kg7 {[#]} 35. f3 $1 {[%cal Rf3e4]} ({Reject} 35. Rxb5 Re1 $11) 35... e3 ({Black should try} 35... Re1 36. Bxb5 Rb1) 36. Bxb5 ({Better is} 36. Rxb5 $16 Re1 37. Bc4) 36... Rb1 $14 37. Bc4 (37. b4 $16) 37... Rxb2 $11 {The position is equal.} 38. Re7+ Kh8 39. Re6 Kg7 40. Re7+ Kh8 41. Rf7 Nxh5 42. Kh3 {Black must now prevent Kg4.} Rc2 43. Rf5 Rxc3 44. Bb5 Ng7 $132 {[%mdl 2048] Black puts up resistance} 45. Rxf4 Ne6 46. Rf6 Nd4 47. Rxh6+ Kg7 48. Rh5 $1 e2 49. Bxe2 Nxe2 50. Ra5 Nf4+ {Accuracy: White = 52%, Black = 67%.} 1/2-1/2

[Event "POL-chT DMP Ekstraliga 2019"]
[Site "Katowice"]
[Date "2019.09.03"]
[Round "7.4"]
[White "Michalik, Peter"]
[Black "Kaczmarek, Aleksander"]
[Result "1-0"]
[WhiteElo "2575"]
[BlackElo "2389"]
[Annotator "TA"]
[PlyCount "127"]
[EventDate "2019.08.28"]
[EventType "team-tourn"]
[EventCountry "POL"]
[SourceTitle "playchess.com"]
[Source "ChessBase"]
[SourceQuality "1"]

{[%evp 14,137,8,6,36,12,4,3,12,8,15,2,3,15,8,5,22,13,26,11,47,31,51,36,96,110,81,77,89,71,113,106,108,75,85,103,241,246,239,245,243,231,262,251,263,225,287,227,433,433,408,440,446,431,1054,540,472,424,643,628,733,432,429,417,404,355,512,343,460,379,460,457,454,430,448,380,378,357,516,505,554,464,489,483,461,425,973,418,539,437,556,447,714,695,840,840,1117,828,1081,1034,1132,877,838,774,818,1330,1253,1283,1213,1143,29952,29937,2835,1596,29982,29976,29971,1418,1302,1111,5122,5118,29981,29982,29980,29979]} 1. d4 Nf6 2. Nf3 e6 3. c4 Bb4+ 4. Nc3 O-O 5. Bg5 h6 6. Bh4 d6 7. Qc2 Nbd7 8. e3 Qe7 {E32: Nimzo-Indian: Classical (4 Qc2): 4...0-0} (8... c5 9. a3 Ba5 10. Be2 cxd4 11. exd4 d5 12. b4 Bb6 13. c5 Bc7 14. O-O a6 15. a4 Re8 16. Rfd1 {1-0 (65) Korobov,A (2698)-Dzhumagaliev,Y (2410) St Petersburg 2018}) 9. Be2 e5 10. O-O {Strongly threatening Nd5.} Bxc3 {The position is equal.} 11. Qxc3 g5 12. Bg3 $146 {[%cal Rd4e5]} ({Predecessor:} 12. dxe5 dxe5 13. Bg3 Ne4 14. Qc2 f5 15. h3 b6 16. Nd2 {½-½ (36) Furman,B (2279)-Berezjuk,S (2420) Olomouc 2001}) 12... Ne4 13. Qc2 Nxg3 14. fxg3 Nf6 15. dxe5 dxe5 16. Qc3 Re8 17. Nd2 a5 18. Rf2 c5 ({Black should try} 18... Ra6 $14) 19. Raf1 $16 Ra6 20. Bf3 Rf8 21. h3 e4 22. Bd1 $36 {[%cal Rf2f6][%mdl 2048] Black is under strong pressure.} Ne8 23. Bc2 Re6 24. Qxa5 f5 (24... Ng7 $16 {keeps fighting.}) 25. Rxf5 $18 Rxf5 26. Rxf5 b6 27. Qc3 Nd6 28. Rf2 Re5 29. Bd1 Bd7 30. Nf1 b5 $2 (30... Be8 {might work better.} 31. g4 Re6) 31. cxb5 Bxb5 32. Nh2 Rd5 33. Bh5 Qe5 (33... Bd7 $142 34. Ng4 Bxg4 35. Bxg4 Kh7) 34. Qe1 {Ng4 is the strong threat.} Nf5 35. Qa5 Bd7 (35... Qb8 $142 36. a4 Be8) 36. Nf1 Be6 37. Bg4 Ng7 38. Bxe6+ Qxe6 39. Rd2 Kh7 (39... Rxd2 $142 40. Qa8+ (40. Qxd2 Qxa2 41. g4 Qb3 $18) 40... Kf7 41. Nxd2 Nf5 42. Qb7+ Ne7) 40. Qc3 Rf5 41. b3 g4 42. hxg4 Rg5 43. Rf2 Qxg4 44. Rf4 Qd1 45. Qc4 Rxg3 (45... Qd5 {was necessary.} 46. Rxe4 Qxc4 47. Rxc4 Ne8) 46. Qxe4+ Kg8 47. Qc4+ {[%mdl 64] Double Attack} Kh7 48. Qxc5 ({Less strong is} 48. Rf8 Rg5 $18) 48... Rg5 49. Qd4 Qe1 (49... Qxd4 $142 50. exd4 Nh5) 50. Qd2 (50. Qd3+ $142 Kg8 51. Qc4+ Kh7 52. Qc2+ Kg8 53. Qc4+ Kh7 54. Qc2+ Kg8 55. b4) 50... Qb1 51. Rf2 Rc5 52. Qb2 Qg6 (52... Qxb2 $142 53. Rxb2 Nf5) 53. b4 Rg5 54. b5 Qb6 55. Qc2+ Kg8 56. a4 h5 57. Qe4 Rg4 58. Rf4 Rg5 59. Qc4+ Kh7 60. Qc2+ Kg8 61. Rc4 Rf5 62. Rc6 Qa5 63. Rc8+ Kh7 {[#]} 64. Ng3 {Played: Rc8-c7} 1-0

[Event "POL-chT DMP Ekstraliga 2019"]
[Site "Katowice"]
[Date "2019.09.03"]
[Round "7.5"]
[White "Mikrut, Dariusz"]
[Black "Plat, Vojtech"]
[Result "1/2-1/2"]
[WhiteElo "2375"]
[BlackElo "2576"]
[Annotator "TA"]
[PlyCount "184"]
[EventDate "2019.08.28"]
[EventType "team-tourn"]
[EventCountry "POL"]
[SourceTitle "playchess.com"]
[Source "ChessBase"]
[SourceQuality "1"]

{[%evp 10,184,79,78,75,60,78,51,44,28,33,18,44,31,168,166,214,139,162,164,202,204,298,308,304,281,259,229,241,169,175,113,141,42,25,19,40,0,0,0,0,0,0,0,0,-7,0,0,0,0,0,-10,-8,-7,0,-142,-118,-161,-153,-158,-97,-164,-94,-193,-185,-313,-298,-272,-259,-300,-320,-435,-18,-18,-29,-50,-22,-17,-14,-68,-68,-67,-75,-59,-57,-64,-79,-68,-65,-65,-65,-68,-8,-10,-8,-8,-8,-8,-8,-8,-8,-8,-8,-8,-8,-8,-8,-8,-8,-8,-8,-8,-8,-8,-8,-8,-8,-8,0,-8,-8,-8,-8,-8,-8,-8,-8,-8,-8,-8,-8,-8,-8,-8,-8,-8,-8,-8,-8,-8,-8,-8,-8,-8,-8,-8,-8,-8,-8,-8,-8,-8,-8,-8,-8,-8,-8,-8,-8,-8,-8,-8,-8,-8,0,-86,-8,-95,0,-8,0,-89,-8,-96,-96,-96,0]} 1. d4 d6 2. c4 e5 3. d5 g6 4. Nc3 Bg7 5. e4 Ne7 6. h4 h5 {A42: Modern Defence: Averbakh Variation} 7. Be3 a5 $146 ({Predecessor:} 7... Nd7 8. Nh3 f5 9. Ng5 Nf6 10. f3 fxe4 11. Ngxe4 Nf5 12. Bg5 O-O 13. Bd3 Nd4 14. Qd2 {1-0 (40) Miton,K (2589)-Heberla,B (2447) Lubniewice 2005}) 8. c5 dxc5 {White is slightly better.} 9. Bb5+ Nd7 10. Bxc5 O-O 11. Ba3 c5 (11... c6 $14 12. dxc6 {[%mdl 64] Discovered Attack} Nxc6) 12. Nf3 $18 Qb6 13. Qa4 Rd8 14. Nd2 Qf6 15. Nc4 Qf4 (15... Bf8 $142 16. d6 Nc6) 16. Qc2 f5 {Now ...fxe4 and Black clings on.} 17. Bxd7 Bxd7 18. Nb6 fxe4 19. Bxc5 Nf5 20. Qxe4 (20. Nxa8 $18 Rxa8 21. Qxe4 (21. Nxe4 Rc8 $11)) 20... Ra6 $16 21. g3 (21. Nxd7 $16 Rxd7 22. Rd1) 21... Qxe4+ $14 22. Nxe4 Bb5 23. Nc3 Bf8 24. Bxf8 Kxf8 25. Nba4 Bxa4 26. Nxa4 Rxd5 27. Nc3 Rd7 28. Rd1 Nd4 29. O-O Rb6 30. b3 Rc6 $36 {[%mdl 2048] White is under pressure.} 31. Ne4 Rc2 32. Kg2 (32. a4 $11) 32... Rxa2 $17 33. Ng5 Re7 34. Rfe1 b5 ({Stronger than} 34... Nxb3 35. Rd8+ Re8 36. Rd7 $11) (34... Rb2 $142 35. Re3 b6) 35. Re3 (35. Re4 $17) 35... b4 (35... Rb2 $19 36. Rdd3 b4) 36. Nf3 (36. Rb1 $17 {keeps fighting.}) 36... Rf7 37. Rd2 (37. Nd2 $142) 37... Rxd2 $19 38. Nxd2 {[%mdl 4096] Endgame KRN-KRN} Rc7 $1 39. Rxe5 Rc2 40. Nc4 Nxb3 $2 (40... a4 $1 $19 {[%cal Ra4b3]} 41. Re4 Rxc4 $1 {[%mdl 512]} 42. bxc4 a3 43. Rxd4 a2 44. Rd8+ (44. Rd1 $2 b3 $19) 44... Kf7 45. Rd7+ Ke6) 41. Nxa5 $11 Nc5 42. Re3 Rc3 43. Kf3 $1 Kf7 44. Nc6 (44. Ke2 $11) 44... Rxe3+ $1 $15 45. Kxe3 {KN-KN} b3 46. Ne5+ Ke6 47. Nd3 Kd5 $1 48. Nb2 Ne4 49. Nd1 Nd6 50. Kd3 Nb5 ({Better is} 50... Nc4 $1 $15) 51. f3 Kc5 52. g4 Kb4 53. gxh5 gxh5 54. f4 Nd6 55. Kd4 Nf5+ 56. Ke4 Nxh4 {Threatens to win with ...Kc5.} 57. f5 Kc5 58. Kf4 Ng2+ 59. Kf3 $1 Ne1+ 60. Kf4 h4 61. Nb2 Kd5 62. Kg4 Ke5 63. Nc4+ Kd5 (63... Kf6 $5 {[%cal Re1d3]} 64. Kxh4 Nd3 $11) 64. Nb2 Ng2 {aiming for ...Ne3+.} (64... Ke4 $5 65. f6 $8 Nf3 $11) 65. f6 Ke6 66. f7 $1 {[%cal Rf7f8]} Kxf7 67. Kh3 $1 Ne3 68. Kxh4 Kf6 69. Kg3 Ke5 70. Kf3 Kd4 (70... Nd5 $5 {[%cal Re5d4]} 71. Ke2 Kf5 $11) 71. Ke2 $1 Kc3 72. Na4+ $1 Kb4 73. Nb2 Ka3 74. Nd3 Nc4 {With the idea ...Nd6.} 75. Ke1 Nb6 (75... Ka2 $5 76. Nc1+ $8 Kb2 77. Nxb3 Kxb3 $11) 76. Kd2 Nd5 {Strongly threatening ...Nb4.} 77. Kd1 Nf4 78. Ne5 $1 Ka2 79. Nc4 Nd3 {( -> ...Nb2+)} 80. Kd2 {[#]} Ne5 $1 {[%mdl 512]} 81. Ne3 $1 (81. Nxe5 b2) 81... Nf3+ (81... b2 $5 82. Nd1 $8 Nf3+ 83. Ke3 b1=Q 84. Nc3+ {[%mdl 64] Double Attack} Kb3 85. Nxb1 Nh4 $11) 82. Ke2 Ng5 {...Ne4 is the strong threat.} (82... b2 $5 83. Nd1 $8 b1=Q 84. Nc3+ {[%mdl 64] Double Attack} Kb3 85. Nxb1 Nh4 $11) 83. Nc4 Ne4 {White must now prevent ...Ka1.} 84. Ke3 Nc5 {next ...Ka1 is good for Black.} 85. Ke2 $1 Na4 {And now ...Ka1 would win.} 86. Kd2 Nc5 ({Black should play} 86... Ka1 $11 87. Kc1 Nc3) 87. Ke2 $1 $17 Nd7 (87... Ka1 $1 $17 88. Kd2 Ne4+ 89. Kc1 Nc3) 88. Kd2 {[#]} (88. Ne3 $1 $11 {was the only way to keep the balance.}) 88... Ne5 $1 {[%mdl 512]} 89. Ne3 $1 $11 (89. Nxe5 b2) 89... Nf3+ ({Black should try} 89... Nc6 $11) 90. Ke2 $17 {[#]} Nh2 (90... Nd4+ $1 $17 91. Kd2 Nf3+) 91. Nc4 (91. Nd1 $1 $11 {remains equal.}) 91... Ng4 92. Kd2 {[#]} Ne5 $1 {[%mdl 512] Accuracy: White = 63%, Black = 56%.} 1/2-1/2

[Event "POL-chT DMP Ekstraliga 2019"]
[Site "Katowice"]
[Date "2019.09.03"]
[Round "7.6"]
[White "Majdan, Joanna"]
[Black "Osmak, Iulija"]
[Result "0-1"]
[WhiteElo "2368"]
[BlackElo "2408"]
[Annotator "TA"]
[PlyCount "78"]
[EventDate "2019.08.28"]
[EventType "team-tourn"]
[EventCountry "POL"]
[SourceTitle "playchess.com"]
[Source "ChessBase"]
[SourceQuality "1"]

{[%evp 17,78,-40,-20,-20,-18,-17,-10,-27,-21,-17,-17,-44,0,-38,-12,-40,-42,-39,-45,-45,-50,-50,-29,-46,-38,-38,-31,-18,-22,-19,0,-54,-41,-91,-58,-97,-97,-122,-115,-160,-133,-327,-302,-307,-301,-276,-147,-120,-120,-284,-268,-239,-206,-323,-304,-614,-581,-658,-651,-653,-725,-972,-959]} 1. e4 e6 2. d3 d5 3. Nd2 Nf6 4. Ngf3 Nc6 5. g3 dxe4 6. dxe4 e5 7. Bg2 Bc5 8. O-O O-O 9. Qe2 Qe7 10. Nc4 {C00: French: Unusual White 2nd moves} (10. h3 a5 11. c3 b6 12. Rd1 Ba6 13. Qe1 Rfd8 14. Bf1 Bd3 15. Bxd3 Rxd3 16. a4 Rad8 17. Qe2 h6 {0-1 (50) Kadric,D (2505)-Patel,A (2449) Dallas 2017}) 10... Rd8 11. c3 a5 12. Bg5 {The position is equal.} h6 13. Bxf6 $146 ({Predecessor:} 13. Be3 b5 14. Bxc5 Qxc5 15. Ncd2 Ba6 16. Nb3 Qb6 17. Rfd1 a4 18. Nbd2 b4 {0-1 (35) Cohrs,J (1951)-Schuette,M (2136) Germany 2017}) 13... Qxf6 14. Ne3 Be6 (14... Bxe3 $5 15. Qxe3 Be6 $15) 15. Nd2 (15. Nd5 $5 Bxd5 16. exd5 Rxd5 17. Nd2 $11) 15... Ne7 (15... Bxe3 $5 16. Qxe3 Rd6 $15) 16. Nb3 Bb6 17. Rad1 a4 18. Nc1 c6 19. h4 g6 20. Kh2 Kg7 21. Bh3 Bxh3 22. Kxh3 h5 23. Kg2 Qe6 24. a3 (24. Qc4 $11) 24... Ng8 $15 25. Qc4 {next Qxe6 is good for White.} Qe7 26. Nd3 Bxe3 27. fxe3 Nf6 28. Kf3 Rd6 {Hoping for ...Rad8.} 29. Ke2 $2 (29. Nf2 $17) 29... b5 $19 30. Qb4 Rad8 31. Nf2 Rxd1 ({Black should try} 31... Qe6 $19 32. Rxd6 Rxd6) 32. Rxd1 $17 Qxb4 33. axb4 $2 (33. cxb4 $17 Rxd1 34. Kxd1) 33... Rxd1 $19 34. Kxd1 {[%mdl 4096] Endgame [#] KN-KN} Ne8 $1 35. Nd3 (35. Kc2 $142) 35... Kf6 36. Ke2 $2 (36. c4) 36... Nd6 {Black is clearly winning.} 37. Nc1 Nxe4 38. Kf3 Kf5 39. Nd3 {[#]} Nxc3 $1 {[%mdl 576] Clearance. Accuracy: White = 26%, Black = 58%.} 0-1